00498nam a2200169Ia 4500003000400000008004100004020001400045040000800059100002300067245004500090260003300135300000900168901002000177942001200197952010200209999001700311LDD181029s9999 xx 000 0 und d a306309106 cLDD aECKERTOVA, Ludmila 0aPhysics of thin filmscLudmila ECKERTOVA aNew YorkbPlenum pressc1977 a254p a314b12-03-1996 2ddccBK 00102ddc4070929977aLDDbLDDd2018-11-01l0o530.41 Ec57Pp013293r2018-11-01w2018-11-01yBK c29978d29978